Dawne nazwy państw - Statystyki

Ogólne statystyki
  • Ten quiz został rozwiązany 72 razy
    51 od ostatniego zresetowania
  • Średni wynik to 11 z 17
Statystyki odpowiedzi
Dawna Nazwa Dzisiejsza Nazwa % Poprawnych
Ateny Grecja
98%
Imperium Osmańskie Turcja
98%
Prusy Niemcy
93%
Moskwa Rosja
93%
Persja Iran
88%
Cesarstwo Qing Chiny
84%
Monarchia Habsburgów Austria
79%
Birma Mjanma
67%
Syjam Tajlandia
60%
Pakistan Wschodni Bangladesz
58%
Abisynia Etiopia
56%
Gujana Holenderska Surinam
53%
Honduras Brytyjski Belize
47%
Trzynaście Kolonii Stany Zjednoczone
44%
Rodezja Zimbabwe
42%
Górna Wolta Burkina Faso
28%
Nowa Grenada Kolumbia
21%
Nie znaleziono quizów pasujących do podanych kryteriów
Rozkład punktacji
Procent ludzi z każdym wynikiem
Percentyl według liczby udzielonych odpowiedzi
Twoja historia wyników
Nie rozwiązałeś tego quizu od ostatniego zresetowania